| 000 | 02245nam a2200409 a 4500 | ||
|---|---|---|---|
| 001 | ebr10517027 | ||
| 003 | CaPaEBR | ||
| 006 | m u | ||
| 007 | cr cn||||||||| | ||
| 008 | 090506s2010 nyu sb 000 0 eng d | ||
| 010 | _z 2009018148 | ||
| 020 | _z9781433106804 | ||
| 020 | _z9781453904565 (e-book) | ||
| 040 |
_aCaPaEBR _cCaPaEBR |
||
| 035 | _a(OCoLC)774287496 | ||
| 043 | _af-gh--- | ||
| 050 | 1 | 4 |
_aP301.3.G4 _bN33 2010eb |
| 082 | 0 | 4 |
_a808/.049365 _222 |
| 100 | 1 |
_aNaaeke, Anthony Y., _d1964- |
|
| 245 | 1 | 0 |
_aCritical essays on Dagaaba rhetoric _h[electronic resource] / _cAnthony Y. Naaeke. |
| 260 |
_aNew York : _bPeter Lang, _cc2010. |
||
| 300 | _a118 p. | ||
| 490 | 1 |
_aAmerican university studies. Series VII, Theology and religion, _x0740-0446 ; _vv. 295 |
|
| 504 | _aIncludes bibliographical references. | ||
| 505 | 0 | _aThe Dagaaba of Ghana -- The cultural relevance of myth: a reader-response analysis of the Bagre myth with reference to the role and place of women in the Dagaaba society -- African art and persuasion: the rhetoric of the bera among the Dagaaba of Ghana -- Consolatory rhetoric: persuasion in Dagaaba funeral rituals and symbolic action -- Dismantling fear and establishing ethos: missionary activity as persuasion -- Breaking the silence on domestic violence: communication for development in northwestern Ghana -- Liberating the "mistress" in Africa: the prophetic role of development communication. | |
| 533 |
_aElectronic reproduction. _bPalo Alto, Calif. : _cebrary, _d2013. _nAvailable via World Wide Web. _nAccess may be limited to ebrary affiliated libraries. |
||
| 650 | 0 |
_aRhetoric _xSocial aspects _zGhana. |
|
| 650 | 0 |
_aDagaare language _xRhetoric. |
|
| 650 | 0 |
_aDiscourse analysis, Narrative _zGhana. |
|
| 650 | 0 |
_aCommunication in community development _zGhana. |
|
| 650 | 0 |
_aDagaaba (African people) _xReligion. |
|
| 650 | 0 |
_aDagaaba (African people) _xSocial life and customs. |
|
| 655 | 7 |
_aElectronic books. _2local |
|
| 710 | 2 | _aebrary, Inc. | |
| 830 | 0 |
_aAmerican university studies. _nSeries VII, _pTheology and religion ; _vv. 295. |
|
| 856 | 4 | 0 |
_uhttp://site.ebrary.com/lib/rucke/Doc?id=10517027 _zAn electronic book accessible through the World Wide Web; click to view |
| 999 |
_c121788 _d121788 |
||